Most Expensive Footballers Per Country: Europe Part 1 - Statistics

General Stats
  • This quiz has been taken 244 times
  • The average score is 21 of 31
Answer Stats
Country Season From To Player Transfer Fee % Correct
Portugal 2009/10 Manchester United Real Madrid Cristiano Ronaldo € 94.000.000,00
95%
Belgium 2015/16 VfL Wolfsburg Manchester City Kevin de Bruyne € 74.000.000,00
93%
Germany 2013/14 Real Madrid Arsenal Mesut Özil € 47.000.000,00
93%
France 2016/17 Juventus Manchester United Paul Pogba € 105.000.000,00
93%
Wales 2013/14 Tottenham Hotspur Real Madrid Gareth Bale € 101.000.000,00
89%
Belgium 2014/15 Chelsea Everton Romelu Lukaku € 35.360.000,00
87%
Spain 2010/11 Liverpool Chelsea Fernando Torres € 58.500.000,00
84%
Portugal 2000/01 FC Barcelona Real Madrid Luís Figo € 60.000.000,00
84%
France 2001/02 Juventus Real Madrid Zinédine Zidane € 73.500.000,00
84%
Germany 2016/17 FC Schalke 04 Manchester City Leroy Sané € 50.000.000,00
81%
Switzerland 2016/17 Borussia Mönchengladbach Arsenal Granit Xhaka € 45.000.000,00
77%
Belgium 2015/16 Aston Villa Liverpool Christian Benteke € 46.500.000,00
75%
Germany 2015/16 FC Schalke 04 VfL Wolfsburg Julian Draxler € 43.000.000,00
74%
Spain 2013/14 Chelsea Manchester United Juan Mata € 44.730.000,00
73%
France 2015/16 AS Monaco Manchester United Anthony Martial € 50.000.000,00
72%
Germany 2016/17 Valencia Arsenal Shkodran Mustafi € 41.000.000,00
70%
Switzerland 2015/16 Internazionale Stoke City Xherdan Shaqiri € 17.000.000,00
70%
Belgium 2012/13 SL Benfica Zenit Axel Witsel € 40.000.000,00
66%
Spain 2010/11 Valencia FC Barcelona David Villa € 40.000.000,00
62%
Spain 2012/13 Athletic Bilbao Bayern Munich Javi Martínez € 40.000.000,00
62%
Wales 2012/13 Swansea City Liverpool Joe Allen € 19.000.000,00
58%
Portugal 2016/17 Valencia FC Barcelona André Gomes € 35.000.000,00
54%
Portugal 2001/02 Fiorentina AC Milan Rui Costa € 42.000.000,00
50%
Belgium 2016/17 Marseille Chelsea Michy Batshuayi € 35.360.000,00
48%
France 2001/02 Parma Juventus Lilian Thuram € 41.500.000,00
45%
Switzerland 2016/17 FC Basel FC Schalke 04 Breel Embolo € 22.500.000,00
42%
Portugal 2016/17 Sporting CP Internazionale João Mário € 40.000.000,00
41%
Wales 2008/09 West Ham United Manchester City Craig Bellamy € 15.500.000,00
37%
Switzerland 2011/12 Udinese SSC Napoli Gökhan Inler € 18.000.000,00
33%
France 2015/16 AS Monaco Internazionale Geoffrey Kondogbia € 36.000.000,00
32%
Spain 2001/02 Valencia Lazio Roma Gaizka Mendieta € 48.000.000,00
28%
No matching quizzes found
Score Distribution
Percent of People with Each Score
Percentile by Number Answered
Your Score History
You have not taken this quiz